Statistics for Which Am I ? - #2

Click here to take the quiz!

General Stats

  • This quiz has been taken 36 times
  • The average score is 11 of 15

Answer Stats

QuestionAnswer% Correct
Greta Thunberg
97%
Steve Irwin (The Crocodile Hunter)
97%
Morgan Freeman
93%
Thomas Jefferson
80%
Roger Moore
80%
Aretha Franklin
77%
Kylie Minogue
77%
Dean Martin
73%
Everly Brothers
73%
Doris Day
73%
Hooch
70%
Janice Goralnik
63%
Blanche
47%
King Philippe of Belgium
33%
Chico
17%

Score Distribution

Percentile by Number Answered

Percent of People with Each Score

Your Score History

You have not taken this quiz